| 000 | 00791nam a2200313Ia 4500 | ||
|---|---|---|---|
| 008 | 210210b2013 xxu||||| |||| 00| 0 eng d | ||
| 020 | _a0198084986 | ||
| 041 | _aeng | ||
| 082 | _a304.8 NAUM | ||
| 100 | _aNAUJOKES (Daniel) | ||
| 245 |
_aMigration citizenship and development _bDiasporic membership policies and overseas Indians in the United States |
||
| 260 |
_aNew Delhi _bOxford University Press _c2013 |
||
| 300 | _axviii,451 | ||
| 650 | _aUnited | ||
| 650 | _athe | ||
| 650 | _aStates | ||
| 650 | _apolicies | ||
| 650 | _aoverseas | ||
| 650 | _aMigration | ||
| 650 | _amembership | ||
| 650 | _aIndians | ||
| 650 | _ain | ||
| 650 | _aDiasporic | ||
| 650 | _adevelopment | ||
| 650 | _acitizenship | ||
| 650 | _aand | ||
| 690 | _aMigration | ||
| 906 | _a067720 | ||
| 999 |
_c150859 _d150859 |
||